Statistics for Countries Of The World That Have No Letters In Their Name That Appear In Their Continents Name

Click here to take the quiz!

General Stats

  • This quiz has been taken 28 times
    (22 since last reset)
  • The average score is 7 of 11

Answer Stats

ContinentAnswer% Correct
AfricaEgypt
84%
EuropeItaly
84%
EuropeMalta
84%
AfricaTogo
68%
EuropeAlbania
68%
EuropeFinland
63%
AfricaLesotho
63%
AsiaYemen
53%
EuropeLatvia
53%
AsiaTurkey
47%
EuropeVatican City
42%

Score Distribution

Percentile by Number Answered

Percent of People with Each Score

Your Score History

You have not taken this quiz since the last reset